[Event "North American op 26th"]
[Site "Las Vegas"]
[Date "2016.12.28"]
[Round "6"]
[White "Patil, Anuprita"]
[Black "Schill, William"]
[Result "1/2-1/2"]
[WhiteElo "2066"]
[BlackElo "2133"]
[PlyCount "57"]
[EventDate "2016.12.26"]
[EventType "swiss"]
[EventRounds "9"]
[EventCountry "USA"]
[SourceTitle "CBM 176 Extra"]
[Source "ChessBase"]
[SourceDate "2017.03.02"]
[SourceVersion "1"]
[SourceVersionDate "2017.03.02"]
[SourceQuality "1"]

1. d4 Nf6 2. Nf3 g6 3. Nbd2 Bg7 4. e4 d6 5. Bd3 0-0 6. 0-0 Nfd7 7. Re1 e5 8. c3 Nc6 9. d5 Ne7 10. Nf1 h6 11. Ng3 f5 12. exf5 gxf5 13. Nh5 Nf6 14. Nxg7 Kxg7 15. Bc4 Ng6 16. g3 Bd7 17. h4 Qe8 18. Nd4 Ne7 19. Ne6+ Bxe6 20. dxe6 Qg6 21. Be2 Ne4 22. Bh5 Qxe6 23. Bf3 d5 24. c4 c6 25. Qb3 Nc5 26. Qa3 Ne4 27. Qb3 Nc5 28. Qa3 Ne4 29. Qb3 1/2-1/2